Minimálne ubytovanie pre zodpovedný turizmus - priestorové riešenie, dizajn produktu a zážitku
Guardado en:
| Autor principal: | |
|---|---|
| Otros Autores: | |
| Formato: | Manuscrito Libro |
| Lenguaje: | eslovaco checo |
| Publicado: |
2025
|
| Materias: | |
| Acceso en línea: | http://is.stuba.sk/zp/portal_zp.pl?podrobnosti=168513 |
| Etiquetas: |
Sin Etiquetas, Sea el primero en etiquetar este registro!
|
MARC
| LEADER | 00000ntm a22000003a 4500 | ||
|---|---|---|---|
| 001 | stuzp104959 | ||
| 003 | SK-STU | ||
| 005 | 20250614213504.1 | ||
| 007 | ta | ||
| 008 | 150427s2015----xo-----f-mn---000-0-slo-d | ||
| 040 | |a STU |b slo | ||
| 041 | 0 | |a cze | |
| 100 | 1 | |a Dušek, Petr |u 055150 |4 aut |U FAD Fakulta architektúry a dizajnu |T FAD Ústav interiéru a výstavníctva |X 115826 |U A5150 |Y 396 |7 115826 | |
| 242 | 0 | 1 | |a Minimálne ubytovanie pre zodpovedný turizmus - priestorové riešenie, dizajn produktu a zážitku |y slo |
| 242 | 0 | 1 | |a Minimum accommodation for responsible tourism - spatial, product and user experience design |y eng |
| 245 | 1 | 0 | |a Minimálne ubytovanie pre zodpovedný turizmus - priestorové riešenie, dizajn produktu a zážitku |
| 260 | |c 2025 | ||
| 650 | 4 | |a inosculation |2 eng | |
| 650 | 4 | |a product lifespan |2 eng | |
| 650 | 4 | |a slow design |2 eng | |
| 650 | 4 | |a shelter |2 eng | |
| 650 | 4 | |a sustainable design |2 eng | |
| 650 | 4 | |a biodesign |2 eng | |
| 650 | 4 | |a growth design |2 eng | |
| 650 | 4 | |a tree shaping |2 eng | |
| 650 | 4 | |a design růstu |2 cze | |
| 650 | 4 | |a inoskulace |2 cze | |
| 650 | 4 | |a životnost produktu |2 cze | |
| 650 | 4 | |a pomalý design |2 cze | |
| 650 | 4 | |a útulna |2 cze | |
| 650 | 4 | |a udržitelné navrhování |2 cze | |
| 650 | 4 | |a biodesign |2 cze | |
| 650 | 4 | |a tvarování stromů |2 cze | |
| 650 | 4 | |a design rastu |2 slo | |
| 650 | 4 | |a biodesign |2 slo | |
| 650 | 4 | |a tvarovanie stromov |2 slo | |
| 650 | 4 | |a inoskulácia |2 slo | |
| 650 | 4 | |a životnosť produktu |2 slo | |
| 650 | 4 | |a pomalý design |2 slo | |
| 650 | 4 | |a útulňa |2 slo | |
| 650 | 4 | |a udržateľné navrhovanie |2 slo | |
| 700 | 1 | |a Kotradyová, Veronika |u 055150 |k Z1 |4 ths |U FAD Fakulta architektúry a dizajnu |T FAD Ústav interiéru a výstavníctva |X 344 |U A5150 |Y 396 |7 A000000344 | |
| 856 | 4 | |u http://is.stuba.sk/zp/portal_zp.pl?podrobnosti=168513 | |